Adolfo López Mateos, estadista mexicano /

Guardado en:
Bibliografiske detaljer
Hovedforfatter: Baranda, Marta (autor)
Andre forfattere: García Verástegui, Lía (autor) (autor)
Format: Bog
Sprog:spansk
Udgivet: México : Gobierno del Estado de México, 1987, c1987
Tags: Tilføj Tag
Ingen Tags, Vær først til at tagge denne postø!

MARC

LEADER 00000nam^a2200000^a^4500
001 000456285
005 20250521000000.0
009 20260310124015.537
020 |a 968-841-198-1 
037 |a Acervo Xavier Clavigero 
041 |a ESP 
091 |a FCA. 06139 
100 |a Baranda, Marta  |e (autor) 
245 1 0 |a Adolfo López Mateos, estadista mexicano / 
264 4 |a México :  |b Gobierno del Estado de México,  |c 1987, c1987 
300 |a 163 p. 
336 |a texto  |b txt  |2 rdacontenido 
337 |a sin mediación  |b n  |2 rdamedio 
338 |a volumen  |b nc  |2 rdasoporte 
649 |a XX 
700 |a García Verástegui, Lía  |e (autor) 
910 |a Fondo Xavier Cacho Vázquez S.J. 
920 |a Impresos - Libros 
930 |a Fondos Especiales 
905 |a 131 
901 |a 0500379242  |b IT2  |c ESP  |i D  |u 20250521 
902 |a https://opac.biblio.iteso.mx/vufind/Record/000456285